Central Library OPAC University of Rajshahi

Fertilizer manufacture in Bangladesh / (Record no. 68753)

MARC details
000 -LEADER
fixed length control field 00887nam a2200277 a 4500
001 - CONTROL NUMBER
control field 68753
003 - CONTROL NUMBER IDENTIFIER
rucl marc code BD-RjUL
005 - DATE AND TIME OF LATEST TRANSACTION
control field 20211209081815.0
008 - FIXED-LENGTH DATA ELEMENTS--GENERAL INFORMATION
fixed length control field 920529s1992 bg a b 001 0 eng d
020 ## - INTERNATIONAL STANDARD BOOK NUMBER
International Standard Book Number 9840511718
035 ## - SYSTEM CONTROL NUMBER
System control number (BD-RjUL)68964
040 ## - CATALOGING SOURCE
Original cataloging agency DLC
Transcribing agency DLC
Modifying agency DLC
-- BD-RjUL
Language of cataloging eng
041 ## - LANGUAGE CODE
Language code of text/sound track or separate title eng
082 ## - DEWEY DECIMAL CLASSIFICATION NUMBER
Edition number 23
Classification number 338.162095492
Author mark and year HUF 1992
100 1# - MAIN ENTRY--PERSONAL NAME
Personal name Huq, M. M.
9 (RLIN) 155530
245 10 - TITLE STATEMENT
Title Fertilizer manufacture in Bangladesh /
Statement of responsibility, etc. M.M. Huq and K.M. Nabiul Islam.
260 ## - PUBLICATION, DISTRIBUTION, ETC. (IMPRINT)
Place of publication, distribution, etc. Dhaka, Bangladesh :
Name of publisher, distributor, etc. University Press,
Date of publication, distribution, etc. 1992.
300 ## - PHYSICAL DESCRIPTION
Pagination xvi, 108 p. :
Illustrations ill. ;
Size 22 cm.
500 ## - GENERAL NOTE
General note Includes index.
504 ## - BIBLIOGRAPHY, ETC. NOTE
Bibliography, etc Includes bibliographical references (p. [97]-105).
650 #0 - SUBJECT ADDED ENTRY--TOPICAL TERM
Topical term or geographic name as entry element Fertilizer industry
Geographic subdivision Bangladesh.
9 (RLIN) 203762
700 2# - ADDED ENTRY--PERSONAL NAME
Personal name Nabiul Islam, K. M.
830 ## - SERIES ADDED ENTRY--UNIFORM TITLE
Uniform title Choice of technology
942 ## - ADDED ENTRY ELEMENTS (KOHA)
Source of classification or shelving scheme Dewey Decimal Classification
Koha item type Books
Holdings
Lost status Source of classification or shelving scheme Damaged status Not for loan Collection code Permanent Location Current Location Shelving location Date acquired Total Checkouts Full call number Date last seen Copy number Koha item type
  Dewey Decimal Classification   Not For Loan Non-fiction Central Library, University of Rajshahi Central Library, University of Rajshahi Reading Room 31/01/1999   338.162095492 HUF 1992 05/04/2017 C-1 Books